000 00612nam a2200217Ia 4500
003 GCL
008 140319s9999 xx 000 0 ara d
040 _aGCL /
_cGCL
082 0 4 _a811.9
_bش ن
100 1 _aشفيق جبرى
245 1 0 _aنوح العندليب /
_cشفيق جبرى
700 1 _aقدرى الحكيم
260 _a[S.N] :
_bمجمع اللغة العربية ،
_c1984
300 _a417 ص
490 _a
650 0 4 _aالشعر العربى
650 0 4 _aالادب العربى
650 0 4 _aالعصر الحديث
650 0 4 _aدواوين وقصائد
942 _2ddc
_cBK
999 _c35327
_d35327